|
|
|
|
| LEADER |
00000caa a2200000 c 4500 |
| 001 |
1525912348 |
| 003 |
DE-627 |
| 005 |
20260216120041.0 |
| 007 |
tu |
| 008 |
160223s2002 xx ||||| 00| ||ger c |
| 020 |
|
|
|a 9783810035424
|
| 035 |
|
|
|a (DE-627)1525912348
|
| 035 |
|
|
|a (DE-576)455912343
|
| 035 |
|
|
|a (DE-599)BSZ455912343
|
| 040 |
|
|
|a DE-627
|b ger
|c DE-627
|e rakwb
|
| 041 |
|
|
|a ger
|
| 100 |
1 |
|
|a Lebhart, Gustav
|d 1967-
|0 (DE-588)121839206
|0 (DE-627)081568304
|0 (DE-576)292911904
|4 aut
|
| 109 |
|
|
|a Lebhart, Gustav 1967-
|
| 245 |
1 |
0 |
|a Determinanten des Rechtsextremismus in Ost- und Westdeutschland
|c Gustav Lebhart, Rainer Münz
|
| 264 |
|
1 |
|c 2002
|
| 336 |
|
|
|a Text
|b txt
|2 rdacontent
|
| 337 |
|
|
|a ohne Hilfsmittel zu benutzen
|b n
|2 rdamedia
|
| 338 |
|
|
|a Band
|b nc
|2 rdacarrier
|
| 700 |
1 |
|
|a Münz, Rainer
|d 1954-
|0 (DE-588)115730273
|0 (DE-627)077434145
|0 (DE-576)162319630
|4 aut
|
| 773 |
0 |
8 |
|i In
|t Fremdenfeindlichkeit und Rechtsextremismus
|d Opladen : Leske + Budrich, 2002
|g (2002), Seite 93-117
|h 191 S.
|w (DE-627)352491264
|w (DE-576)10061938X
|z 9783810035424
|z 3810035424
|7 nnam
|
| 773 |
1 |
8 |
|g year:2002
|g pages:93-117
|
| 935 |
|
|
|a mkri
|a rexa
|
| 951 |
|
|
|a AR
|
| ELC |
|
|
|b 1
|
| LOK |
|
|
|0 000 xxxxxcx a22 zn 4500
|
| LOK |
|
|
|0 001 2899387340
|
| LOK |
|
|
|0 003 DE-627
|
| LOK |
|
|
|0 004 1525912348
|
| LOK |
|
|
|0 005 20260216115952
|
| LOK |
|
|
|0 008 160208||||||||||||||||ger|||||||
|
| LOK |
|
|
|0 040
|a DE-21-110
|c DE-627
|d DE-21-110
|
| LOK |
|
|
|0 689
|a s
|a Rechtsextremismus
|
| LOK |
|
|
|0 689
|a g
|a Ostdeutschland
|
| LOK |
|
|
|0 689
|a g
|a Westdeutschland
|
| LOK |
|
|
|0 689
|a s
|a Rechtsradikalismus
|
| LOK |
|
|
|0 852
|a DE-21-110
|
| LOK |
|
|
|0 852 1
|m p
|9 00
|
| LOK |
|
|
|0 935
|a k110
|
| LOK |
|
|
|0 938
|k p
|
| LOK |
|
|
|0 939
|a 08-02-16
|b l01
|
| ORI |
|
|
|a WA-MARC-krimdoka001.raw
|